[Event "La Pobla de Lillet op 25th A"]
[Site "La Pobla de Lillet"]
[Date "2015.08.05"]
[Round "5.18"]
[White "Munoz Vila, Xavier"]
[Black "Garcia Galeote, Lorenzo"]
[Result "0-1"]
[WhiteElo "1732"]
[BlackElo "1973"]
[PlyCount "84"]
[EventDate "2015.08.01"]
[EventType "swiss"]
[EventRounds "9"]
[EventCountry "ESP"]
[SourceTitle "EXT 2024"]
[Source "ChessBase"]
[SourceDate "2023.10.10"]
[SourceVersion "1"]
[SourceVersionDate "2023.10.10"]
[SourceQuality "1"]

1. d4 g6 2. c4 Bg7 3. Nc3 d6 4. e4 e5 5. Nf3 Bg4 6. d5 f5 7. Qa4+ Qd7 8. Qxd7+ Nxd7 9. Ng5 Nf8 10. f3 h6 11. fxg4 hxg5 12. gxf5 Bf6 13. g4 0-0-0 14. Be3 Kb8 15. b4 Rd7 16. a4 gxf5 17. gxf5 Rdh7 18. Ra2 g4 19. Kf2 Bh4+ 20. Kg2 Be1 21. Ne2 Nf6 22. Ra1 Bxb4 23. Ng3 N8d7 24. Bd3 Bc5 25. Bg5 Nh5 26. Nxh5 Rxh5 27. Be7 Be3 28. Be2 Bg5 29. f6 Bxf6 30. Bxf6 Nxf6 31. Raf1 R5h6 32. h3 gxh3+ 33. Kh2 Nxe4 34. Rhg1 a5 35. Bd3 Nc5 36. Bc2 Rh4 37. Rf7 Rxc4 38. Bh7 Nxa4 39. Bg8 Rc2+ 40. Kh1 Rg2 41. Ra1 Rgxg8 42. Rb1 Nc5 0-1

[Event "Malgrat del Mar op"]
[Site "Malgrat del Mar"]
[Date "1997.05.10"]
[Round "8"]
[White "Munoz Vila, Xavier"]
[Black "Romero Torrents, Josep"]
[Result "1/2-1/2"]
[WhiteElo "1885"]
[BlackElo "1840"]
[PlyCount "92"]
[EventDate "1997.??.??"]
[EventType "swiss"]
[EventRounds "9"]
[EventCountry "ESP"]
[SourceTitle "EXT 2003"]
[Source "ChessBase"]
[SourceDate "2002.11.25"]
[SourceVersion "1"]
[SourceVersionDate "2002.11.25"]
[SourceQuality "1"]

1. e4 c5 2. Nf3 d6 3. d4 cxd4 4. Nxd4 Nf6 5. Nc3 g6 6. Be2 Bg7 7. Be3 0-0 8. h3 Bd7 9. Qd2 Nc6 10. 0-0 Rc8 11. f4 Qa5 12. Bf3 Rfe8 13. a3 a6 14. b4 Qd8 15. Nce2 Qc7 16. c3 Nxd4 17. cxd4 Bb5 18. Rac1 Qb8 19. e5 Nd7 20. Rfe1 Nb6 21. Bf2 Nc4 22. Qa2 dxe5 23. a4 e4 24. axb5 exf3 25. Rxc4 fxe2 26. bxa6 Rxc4 27. Qxc4 bxa6 28. Rxe2 Qb5 29. Rc2 Rb8 30. Bh4 Qb6 31. Bxe7 Qxd4+ 32. Qxd4 Bxd4+ 33. Kf1 Kg7 34. Ke2 Rb7 35. Bd6 Rb6 36. Bc5 Bxc5 37. bxc5 Rc6 38. Ke3 Kf6 39. Kd4 Ke7 40. Kd5 Kd7 41. Rb2 Kc7 42. Re2 Re6 43. Rc2 Re8 44. Rc3 f5 45. g3 Rd8+ 46. Kc4 Kc6 1/2-1/2

[Event "Malgrat del Mar op"]
[Site "Malgrat del Mar"]
[Date "1997.05.03"]
[Round "7"]
[White "Munoz Vila, Xavier"]
[Black "Castro Valhondo, Fabian"]
[Result "0-1"]
[WhiteElo "1885"]
[BlackElo "1900"]
[PlyCount "52"]
[EventDate "1997.??.??"]
[EventType "swiss"]
[EventRounds "9"]
[EventCountry "ESP"]
[SourceTitle "EXT 2003"]
[Source "ChessBase"]
[SourceDate "2002.11.25"]
[SourceVersion "1"]
[SourceVersionDate "2002.11.25"]
[SourceQuality "1"]

1. e4 e5 2. Nf3 Nc6 3. Bc4 Nf6 4. d3 d6 5. Bg5 Be7 6. h3 0-0 7. Nc3 h6 8. Be3 a6 9. a3 Na5 10. Ba2 c5 11. Qd2 Nc6 12. 0-0 Nd4 13. Kh1 Nxf3 14. gxf3 Qd7 15. Bxh6 Qxh3+ 16. Kg1 Qxh6 17. Qxh6 gxh6 18. Kh1 Kh7 19. Rg1 Be6 20. Bd5 Bxd5 21. exd5 b5 22. Rg2 Rg8 23. Ne2 Rxg2 24. Kxg2 Nxd5 25. Ng3 Nf4+ 26. Kf1 Kg6 0-1

[Event "Malgrat del Mar op"]
[Site "Malgrat del Mar"]
[Date "1997.04.12"]
[Round "4"]
[White "Munoz Vila, Xavier"]
[Black "Barrera Negra, Luis"]
[Result "0-1"]
[WhiteElo "1885"]
[BlackElo "1925"]
[PlyCount "108"]
[EventDate "1997.??.??"]
[EventType "swiss"]
[EventRounds "9"]
[EventCountry "ESP"]
[SourceTitle "EXT 2003"]
[Source "ChessBase"]
[SourceDate "2002.11.25"]
[SourceVersion "1"]
[SourceVersionDate "2002.11.25"]
[SourceQuality "1"]

1. e4 c5 2. Nf3 Nc6 3. d4 cxd4 4. Nxd4 e5 5. Nb3 Nf6 6. Bg5 Be7 7. Bxf6 Bxf6 8. Nc3 0-0 9. Nd5 a6 10. Qf3 Be7 11. a3 d6 12. 0-0-0 Be6 13. Be2 b5 14. Nb4 Nxb4 15. axb4 Rc8 16. Na5 Qb6 17. c3 f5 18. Bd3 fxe4 19. Qxe4 Bf5 20. Qd5+ Kh8 21. f3 Bxd3 22. Qxd3 d5 23. Qxd5 Bxb4 24. Nb3 Qe3+ 25. Qd2 Qb6 26. Rhe1 Qf6 27. Re4 Be7 28. Qe2 Qh6+ 29. Kc2 Qxh2 30. Rxe5 Bf6 31. Re6 Qc7 32. Nd4 Qa5 33. Nc6 Qa4+ 34. Kb1 Qb3 35. Na5 Qa4 36. Rxa6 Bd8 37. b3 Qa3 38. Qb2 Qc5 39. Nb7 Qf5+ 40. Ka2 Be7 41. Nd6 Qe6 42. Rd2 Ra8 43. Qa3 Rxa6 44. Qxa6 Rd8 45. Nf7+ Qxf7 46. Rxd8+ Bxd8 47. Qxb5 Qa7+ 48. Qa4 Qf2+ 49. Kb1 Qf1+ 50. Ka2 Qxg2+ 51. Ka3 Qg6 52. Qd7 Qa6+ 53. Qa4 Qxa4+ 54. Kxa4 h5 0-1

[Event "Catalunya-chB"]
[Site "Spain"]
[Date "1996.11.17"]
[Round "7"]
[White "Garciolo Lopez, Joan"]
[Black "Munoz Vila, Xavier"]
[Result "1-0"]
[WhiteElo "1975"]
[BlackElo "1850"]
[PlyCount "41"]
[EventDate "1997.??.??"]
[EventType "swiss"]
[EventRounds "8"]
[EventCountry "ESP"]
[SourceTitle "EXT 2003"]
[Source "ChessBase"]
[SourceDate "2002.11.25"]
[SourceVersion "1"]
[SourceVersionDate "2002.11.25"]
[SourceQuality "1"]

1. e4 c5 2. Nf3 Nc6 3. d4 cxd4 4. Nxd4 Nf6 5. Nc3 e6 6. Be2 Bb4 7. Nxc6 bxc6 8. Bg5 Be7 9. 0-0 0-0 10. Kh1 h6 11. Be3 d5 12. e5 Nd7 13. f4 f6 14. Qe1 fxe5 15. fxe5 Rxf1+ 16. Bxf1 Bb7 17. Qg3 Kh8 18. Bd3 c5 19. Rf1 d4 20. Bxh6 gxh6 21. Qg6 1-0

[Event "Catalunya-chB"]
[Site "Spain"]
[Date "1996.10.13"]
[Round "2"]
[White "Munoz Vila, Xavier"]
[Black "Roig Ruiz, Carles"]
[Result "0-1"]
[WhiteElo "1850"]
[BlackElo "1975"]
[PlyCount "92"]
[EventDate "1997.??.??"]
[EventType "swiss"]
[EventRounds "8"]
[EventCountry "ESP"]
[SourceTitle "EXT 2003"]
[Source "ChessBase"]
[SourceDate "2002.11.25"]
[SourceVersion "1"]
[SourceVersionDate "2002.11.25"]
[SourceQuality "1"]

1. d4 Nf6 2. Nf3 g6 3. c4 Bg7 4. Nc3 d6 5. e4 0-0 6. Be3 e5 7. h3 Nbd7 8. d5 Nh5 9. Bd3 Nf4 10. 0-0 Nxd3 11. Qxd3 f5 12. Bg5 Nf6 13. Nd2 h6 14. Bxf6 Rxf6 15. b4 Bd7 16. c5 b6 17. cxd6 cxd6 18. Rac1 a6 19. Rc2 f4 20. Rfc1 g5 21. Qe2 Qe8 22. Nf3 Rg6 23. Nh2 Bf6 24. Qh5 Kg7 25. Nd1 Bd8 26. Nb2 b5 27. a3 a5 28. Qe2 axb4 29. axb4 Bb6 30. Nd3 Rf6 31. Ng4 Rf8 32. Kf1 h5 33. Nh2 Qg6 34. f3 Rh8 35. Ra2 Qe8 36. Nf2 Rxa2 37. Qxa2 Qa8 38. Rc2 Rc8 39. Ke2 Qb7 40. Qb3 Ra8 41. Ra2 Ra4 42. Nd3 Qa7 43. Rxa4 bxa4 44. Qb1 Bb5 45. Nf1 a3 46. Qa2 Qa6 0-1